| 000 | 00731nam a22002177a 4500 | ||
|---|---|---|---|
| 005 | 20130506110002.0 | ||
| 010 | _aENG-106975 | ||
| 020 |
_a9780198077411 _c450.00 |
||
| 020 |
_a0198077416 _c450.00 |
||
| 035 | _aEN-90508 | ||
| 037 | _bDBAD/PUB | ||
| 082 | _a954.029 | ||
| 100 | 1 |
_aAlam, Muzaffar _d1947- |
|
| 245 | 1 | 0 |
_aThe crisis of empire in Mughal North India : _cby Muzaffar Alam _bAwadh and the Punjab 1707-1748 / |
| 250 | _a2nd ed | ||
| 260 |
_aNew Delhi _bOxford University Press _c2013 |
||
| 270 |
_aYMCA Library Building, 1 Jai Singh Road _bNew Delhi _e110001 |
||
| 300 |
_axviii,382p.: _c22cm(pbk) _bmaps |
||
| 500 | _aIncludes bibliographical references and index | ||
| 942 |
_2ddc _cEN _mALA _h954.029 |
||
| 999 |
_c75102 _d75102 |
||